| 000 | 00589nam a22001937a 4500 | ||
|---|---|---|---|
| 003 | 0 | ||
| 005 | 20230925120725.0 | ||
| 008 | 230925b xxu||||| |||| 00| 0 eng d | ||
| 020 | _a978-0-85783-408-6 | ||
| 050 |
_aPE 1460 _b.F63 2006 |
||
| 100 | _aFlavell, Linda | ||
| 245 |
_aDictionary of idioms and their origins _cLinda Flavell |
||
| 260 |
_aLondon _bKyle Books _cc2006. |
||
| 300 |
_avii, 216 pages ; _c20cm. |
||
| 500 | _aEnglish language—Etymology. | ||
| 504 | _aIncludes bibliographical references and index. | ||
| 650 | _aEnglish language—Etymology. | ||
| 942 |
_2lcc _cBK |
||
| 999 |
_c365378 _d365378 |
||